[Event "POR-ch U14/20"]
[Site "Fatima"]
[Date "2022.04.12"]
[Round "5"]
[White "Mourao, Martim Oliveira"]
[Black "Cabral, Francisco Manuel N"]
[Result "1/2-1/2"]
[WhiteElo "1110"]
[BlackElo "1121"]
[PlyCount "102"]
[EventDate "2022.04.10"]
[EventType "swiss"]
[EventRounds "9"]
[EventCountry "POR"]
[SourceTitle "EXT 2023"]
[Source "ChessBase"]
[SourceDate "2022.10.05"]
[SourceVersion "1"]
[SourceVersionDate "2022.10.05"]
[SourceQuality "1"]

1. e4 c6 2. d4 d5 3. Nc3 dxe4 4. Nxe4 e5 5. Be3 exd4 6. Qxd4 Qxd4 7. Bxd4 Bf5 8. Bd3 Nd7 9. Nf3 Bxe4 10. Bxe4 Ndf6 11. Bd3 Bc5 12. Bc3 Nd5 13. Bd2 Nb4 14. Bxb4 Bxb4+ 15. c3 Bc5 16. 0-0 Nf6 17. Rad1 0-0 18. Bc4 Rad8 19. h3 Bb6 20. Rfe1 Rxd1 21. Rxd1 Re8 22. Kf1 h6 23. Re1 Rxe1+ 24. Kxe1 Nd7 25. Nd2 Kf8 26. Ke2 Ne5 27. Bb3 f6 28. Ne4 Ke7 29. f4 Nd7 30. Nd2 Bc7 31. Ke3 Nc5 32. Bc2 Bb6 33. Nc4 Bc7 34. b4 Nd7 35. a4 Nb6 36. Nxb6 Bxb6+ 37. Ke4 Bf2 38. c4 c5 39. bxc5 Bxc5 40. Kd5 Bb4 41. c5 Bd2 42. f5 Be3 43. Be4 Bf2 44. Kc4 b6 45. c6 a6 46. Kd5 Bg3 47. Bd3 a5 48. Kc4 Kd6 49. Kb5 Bf2 50. Be4 Be3 51. Ka6 Kc7 1/2-1/2

[Event "POR-ch U14/20"]
[Site "Fatima"]
[Date "2022.04.11"]
[Round "2"]
[White "Pacetti Terra, Nicolas"]
[Black "Mourao, Martim Oliveira"]
[Result "1-0"]
[WhiteElo "1756"]
[BlackElo "1110"]
[PlyCount "87"]
[EventDate "2022.04.10"]
[EventType "swiss"]
[EventRounds "9"]
[EventCountry "POR"]
[SourceTitle "EXT 2023"]
[Source "ChessBase"]
[SourceDate "2022.10.05"]
[SourceVersion "1"]
[SourceVersionDate "2022.10.05"]
[SourceQuality "1"]

1. e4 e5 2. Nf3 Nc6 3. Bc4 Bc5 4. c3 Nf6 5. d3 h6 6. 0-0 0-0 7. Nbd2 d6 8. a4 a5 9. Re1 Bg4 10. h3 Be6 11. Bb5 Na7 12. d4 exd4 13. cxd4 Bb4 14. d5 Bd7 15. Bd3 b5 16. Nd4 bxa4 17. Qc2 Bc5 18. N2f3 c6 19. dxc6 Nxc6 20. Nxc6 Bxc6 21. Be3 Bxe3 22. Qxc6 Qb6 23. Qxb6 Bxb6 24. Rxa4 Bc5 25. Bc4 Rfe8 26. e5 dxe5 27. Rxe5 Bb4 28. b3 Bc3 29. Rc5 Bb4 30. Rc7 Rac8 31. Bxf7+ Kf8 32. Rxc8 Rxc8 33. Bc4 Nd7 34. Ra2 Nb6 35. Ne5 Bc3 36. Ng6+ Ke8 37. Re2+ Kd8 38. Bb5 Nd7 39. Re7 Nf6 40. Rxg7 Rc5 41. Ba4 Bd4 42. Rf7 Rc1+ 43. Kh2 Bxf2 44. Rxf6 1-0